000 00543nam a2200181 i 4500
001 127315
003 ES-MaACL
005 20250718060559.0
007 t|
008 070214s1916 xxu r ||||1| eng d
100 1 _aRhys, Ernest.
_996665
245 1 0 _aRabindranath Tagore
_b: a biographical study /
_cErnest Rhys.
260 _aNew York :
_bMacmillan and Co.,
_c1916.
300 _aXVI, 158 p. :
_bil. ;
_c20 cm.
600 1 4 _aTagore, Rabindranath,
_d1861-1941
_9109071
852 _aES-MaACL
_jF-8254
999 _c127315
_d127315